NLSUI OPAC header image

Rights based approach for water governance in the climate change era : a study from perspective of law and policy (Record no. 217014)

MARC details
000 -LEADER
fixed length control field 01100nam a2200145Ia 4500
005 - DATE AND TIME OF LATEST TRANSACTION
control field 20260209120130.0
008 - FIXED-LENGTH DATA ELEMENTS--GENERAL INFORMATION
fixed length control field 260209s9999||||xx |||||||||||||| ||und||
100 ## - MAIN ENTRY--PERSONAL NAME
Personal name Deva Prasad M.
245 #0 - TITLE STATEMENT
Title Rights based approach for water governance in the climate change era : a study from perspective of law and policy
260 ## - PUBLICATION, DISTRIBUTION, ETC.
Place of publication, distribution, etc. BangaloreBangalore
Name of publisher, distributor, etc. NLSIU
Date of publication, distribution, etc. 2012
300 ## - PHYSICAL DESCRIPTION
Extent 80 p. ; 25 cm.
505 ## - FORMATTED CONTENTS NOTE
Formatted contents note CONTENTS Certificate ; Declaration; Acknowledgement ; List of Abbreviations; Research Methodology ; Chapter 1 Introduction ; Chapter 2 Impact of Climate Change on Water- Significance of Law and Policy; Chapter 3 Legal and Policy Framework Regarding Water in Sweden ; Chapter 4 Legal and Policy Framework Regarding Water and Climate Change in India ; Chapter 5 Need for Rights Based Approach to Water Governance (Law and Policy) for climate Adaptation; Chapter 6 Adopting Rights Based Approach to Water Law and Policy: Key Recommendations and conclusion; Reference.
700 ## - ADDED ENTRY--PERSONAL NAME
Personal name Prof. (Dr.) M K Ramesh - GuideProf. (Dr.) M K Ramesh - Guide
856 ## - ELECTRONIC LOCATION AND ACCESS
Uniform Resource Identifier <a href="https://dans.nls.ac.in/handle/123456789/1886">https://dans.nls.ac.in/handle/123456789/1886</a>
Holdings
Withdrawn status Lost status Damaged status Not for loan Home library Current library Date acquired Total Checkouts Barcode Date last seen Price effective from Koha item type
        . . 09.02.2026   LLM379 09.02.2026 09.02.2026 Dissertation